Dheenga Mushti(Talqeen Shah) (Record no. 297953)

000 -LEADER
fixed length control field 00254 a2200109 4500
001 - CONTROL NUMBER
control field 62880
082 ## - DEWEY DECIMAL CLASSIFICATION NUMBER
Classification number 891.4392ISH
090 ## - LOCALLY ASSIGNED LC-TYPE CALL NUMBER (OCLC); LOCAL CALL NUMBER (RLIN)
-- 37237
-- 37237
100 ## - MAIN ENTRY--PERSONAL NAME
Personal name Ishfaq Ahmad
245 ## - TITLE STATEMENT
Title Dheenga Mushti(Talqeen Shah)
260 ## - PUBLICATION, DISTRIBUTION, ETC.
Name of publisher, distributor, etc. Sang-e-Meel Publications
942 ## - ADDED ENTRY ELEMENTS (KOHA)
Institution code [OBSOLETE] NUST-CAE
Call number prefix 891.4392ISH
Holdings
Withdrawn status Lost status Damaged status Not for loan Collection code Permanent Location Current Location Date acquired Total Checkouts Full call number Barcode Date last seen Price effective from Koha item type
          College of Aeronautical Engineering (CAE) College of Aeronautical Engineering (CAE) 04/03/2017   891.4392ISH CAEN-3992 04/05/2017 04/05/2017 Book
© 2023 Central Library, National University of Sciences and Technology. All Rights Reserved.